000 00211 a2200097 4500
001 47255
100 _aAlfred,
245 _aThe Art of War on Land
260 _aLondon
_bMethuen & Co.
_c
090 _c30300
_d30300
942 _aNUST-CAE
_cM
_c22560
999 _c282328
_d282328